Ngoại thương Mỹ từ năm 1991 đến năm 2011
Khái quát về nước Mỹ và kinh tế ngoại thương Mỹ sau chiến tranh thế giới thứ hai đến năm 1991. Ngoại thương Mỹ từ năm 1991 đến năm 2011
Сохранить в:
| Главный автор: | |
|---|---|
| Другие авторы: | |
| Формат: | |
| Опубликовано: |
Đà Nẵng
Đại học Sư phạm, Đại học Đà Nẵng
2012
|
| Предметы: | |
| Метки: |
Добавить метку
Нет меток, Требуется 1-ая метка записи!
|
| Thư viện lưu trữ: | Mạng thư viện Đại học Đà Nẵng |
|---|
| LEADER | 01658nam a2200337 4500 | ||
|---|---|---|---|
| 001 | 000017185 | ||
| 003 | 13597 | ||
| 005 | 20130319080308.0 | ||
| 008 | 130318s2012 sd | ||
| 082 | |a 382.0973 |b NG-Q | ||
| 100 | 1 | |a Nguyễn Thị Vân Qúy | |
| 245 | |a Ngoại thương Mỹ từ năm 1991 đến năm 2011 |c Nguyễn Thị Vân Qúy ; Lưu Trang hướng dẫn |k Khóa luận tốt nghiệp | ||
| 260 | |a Đà Nẵng |b Đại học Sư phạm, Đại học Đà Nẵng |c 2012 | ||
| 300 | |a 65 tr., phụ lục 3 tr. |c 29 cm. |e Đĩa CD, tài liệu tóm tắt | ||
| 500 | |a Khóa luận tốt nghiệp đại học. Chuyên ngành: Sư phạm Lịch sử | ||
| 504 | |a Mục lục đầu trang, tài liệu tham khảo tr. 73 - 74, phụ lục [13 tr.] | ||
| 520 | |a Khái quát về nước Mỹ và kinh tế ngoại thương Mỹ sau chiến tranh thế giới thứ hai đến năm 1991. Ngoại thương Mỹ từ năm 1991 đến năm 2011 | ||
| 600 | 1 | 4 | |b Vua |c Đinh Tiên Hoàng |
| 650 | 0 | 4 | |a Ngoại thương Mỹ |v Khóa luận tốt nghiệp |x Nghiên cứu |y 1991-2011 |
| 653 | |a Ngoại thương Mỹ | ||
| 700 | |a Lưu Trang |c PGS.TS |e Hướng dẫn | ||
| OWN | |a LSP | ||
| AVA | |a UDN50 |b LSP |d 382.0973 NG-Q |e available |t Error 5001 Not defined in file expand_doc_bib_avail. |f 1 |g 0 |h N |i 0 |k 1 | ||
| 999 | |a From the UDN01 | ||
| AVA | |a UDN50 |b LSP |d 382.0973 NG-Q |e available |t Error 5001 Not defined in file expand_doc_bib_avail. |f 1 |g 0 |h N |i 0 |k 1 | ||
| TYP | |a Monograph | ||
| TYP | |a Printed language | ||
| 980 | |a Mạng thư viện Đại học Đà Nẵng | ||